000 00704nam a2200241Ia 4500
003 OSt
005 20220928121356.0
006 a|||||r|||| 00| 0
007 ta
008 220927b |||||||| |||| 00| 0 eng d
024 _a58576
037 _cTextual
040 _aSDCL
_cSDCL
_beng
041 _2eng
_aeng
082 _aV73,94'M61, M3
100 _aHattaway Herman
_9451719
245 0 _aHow the north won
_b A military history of the civil war
260 _aLondon
_bUniversity Of Illinois Press
_c1983
300 _axii,762p
_ccm.
700 _a Jones Archer
_9451720
942 _hV73,94'M61, M3
_cTEXL
_2CC
999 _c765749
_d765749